Umwelt und Gesundheit: Gender-Perspektiven in Forschung und Praxis
Umwelt als geschlechterrelevante Gesundheitsdeterminante | Die Geschlechterkategorie in ihrer Bedeutung für "environmental health" | Gender, Umwelt und Gesundheit im Kontext beruflicher Erwerbsarbeit | Häusliche Versorgungsarbeit als umweltbezogene Gesundheitsdeterminante
| Authors: | ; |
|---|---|
| Format: | Print Article |
| Language: | German |
| Check availability: | HBZ Gateway |
| Interlibrary Loan: | Interlibrary Loan for the Fachinformationsdienste (Specialized Information Services in Germany) |
| Published: |
2010
|
| In: |
Handbuch Frauen- und Geschlechterforschung
Year: 2010, Pages: 644-653 |
| Standardized Subjects / Keyword chains: | B
Health
/ Environment
/ Gender studies
|
MARC
| LEADER | 00000caa a2200000 c 4500 | ||
|---|---|---|---|
| 001 | 635302500 | ||
| 003 | DE-627 | ||
| 005 | 20240731204724.0 | ||
| 007 | tu | ||
| 008 | 100917s2010 xx ||||| 00| ||ger c | ||
| 020 | |a 9783531171708 | ||
| 035 | |a (DE-627)635302500 | ||
| 035 | |a (DE-576)9635302509 | ||
| 035 | |a (DE-599)GBV635302500 | ||
| 040 | |a DE-627 |b ger |c DE-627 |e rda | ||
| 041 | |a ger | ||
| 084 | |a 0 |2 ssgn | ||
| 100 | 1 | |e VerfasserIn |0 (DE-588)1049411463 |0 (DE-627)781902568 |0 (DE-576)403382793 |4 aut |a Pauli, Andrea | |
| 109 | |a Pauli, Andrea | ||
| 245 | 1 | 0 | |a Umwelt und Gesundheit |b Gender-Perspektiven in Forschung und Praxis |c Andrea Pauli, Claudia Hornberg |
| 264 | 1 | |c 2010 | |
| 336 | |a Text |b txt |2 rdacontent | ||
| 337 | |a ohne Hilfsmittel zu benutzen |b n |2 rdamedia | ||
| 338 | |a Band |b nc |2 rdacarrier | ||
| 500 | |a Literaturverzeichnis: Seite 650-653 | ||
| 520 | |a Umwelt als geschlechterrelevante Gesundheitsdeterminante | Die Geschlechterkategorie in ihrer Bedeutung für "environmental health" | Gender, Umwelt und Gesundheit im Kontext beruflicher Erwerbsarbeit | Häusliche Versorgungsarbeit als umweltbezogene Gesundheitsdeterminante | ||
| 601 | |a Forschung | ||
| 689 | 0 | 0 | |d s |0 (DE-588)4020754-7 |0 (DE-627)104658827 |0 (DE-576)208934650 |2 gnd |a Gesundheit |
| 689 | 0 | 1 | |d s |0 (DE-588)4061616-2 |0 (DE-627)106135023 |0 (DE-576)209140615 |2 gnd |a Umwelt |
| 689 | 0 | 2 | |d s |0 (DE-588)4482930-9 |0 (DE-627)238719960 |0 (DE-576)212897381 |2 gnd |a Geschlechterforschung |
| 689 | 0 | |5 (DE-627) | |
| 700 | 1 | |e VerfasserIn |0 (DE-588)115600361 |0 (DE-627)077354516 |0 (DE-576)289971519 |4 aut |a Hornberg, Claudia |d 1959- | |
| 773 | 0 | 8 | |i Enthalten in |t Handbuch Frauen- und Geschlechterforschung |b 3., erweiterte und durchgesehene Auflage |d Wiesbaden : VS Verlag für Sozialwissenschaften, 2010 |g (2010), Seite 644-653 |h 968 Seiten |w (DE-627)632835788 |w (DE-576)330098284 |z 9783531171708 |z 3531171704 |7 nnam |
| 773 | 1 | 8 | |g year:2010 |g pages:644-653 |
| 889 | |w (DE-576)330157094 | ||
| 889 | |w (DE-627)1400157099 | ||
| 935 | |i mdedup | ||
| 951 | |a AR | ||
| ELC | |b 1 | ||
| ITA | |a 1 |t 1 | ||
| ORI | |a SA-MARC-ixtheo_oa001.raw | ||
| REL | |a 1 | ||
| STA | 0 | 0 | |a Environment,Environment,Gender studies,Health,Health,Health in literature |
| STB | 0 | 0 | |a Environnement,Environnement,Santé,Santé,Études de genre,Gender studies,Gender studies |
| STC | 0 | 0 | |a Estudios de género,Medio ambiente,Medio ambiente,Salud,Salud |
| STD | 0 | 0 | |a Ambiente,Ambiente,Gender Studies,Salute,Salute |
| STE | 0 | 0 | |a 健康,健康,性别研究,环境,环境 |
| STF | 0 | 0 | |a 健康,健康,性別研究,環境,環境 |
| STG | 0 | 0 | |a Estudos de gênero,Meio ambiente,Meio ambiente,Saúde,Saúde |
| STH | 0 | 0 | |a Гендерное исследование,Здоровье (мотив),Здоровье,Окружающая среда (мотив),Окружающая среда |
| STI | 0 | 0 | |a Περιβάλλον (μοτίβο),Περιβάλλον,Σπουδές φύλου,Gender Studies,Υγεία (μοτίβο),Υγεία |
| SUB | |a REL | ||
| SYG | 0 | 0 | |a Health,Gesundheitszustand,Health status,Wellness,Gesundheitsstatus,Gesundheitszustand , Gender Studies,Gender-Forschung,Geschlechterfrage,Geschlechtertheorie,Gender Studies,Gender-Forschung,Geschlechterfrage,Geschlechtertheorie,Gender-Theorie,Gendertheorie,Genderstudie,Geschlechterstudien |



